000 00643nam a2200277Ia 4500
005 20260324144833.0
008 008 260324s9999 xx 000 0 eng d
020 _a9781003458630
037 _aEBOOK
040 _aCRL
040 _beng
040 _cCRL
041 _2eng
041 _aeng
084 _qCRL
100 _aK.R.M. Short
_91220791
245 0 _aWestern Broadcasting over the Iron Curtain
260 _bTaylor and Francis
260 _c1986
365 _a
365 _b160
856 _uhttp://www.taylorfrancis.com/books/9781003458630
942 _cEBOOK
999 _c1827902
_d1827902